000
00286 a2200145 4500
001
176100
020
_a
040
_c
Magnum
100
_a
Lapate, Vagner
240
1
0
_a
Drogas
_l
por
245
1
0
_a
Drogas
362
0
_a
1899
697
_a
MAGNITO: CIENCIAS MEDICAS SAUD
942
_c
BK
999
_c
176100
_d
176100